|
|
|
|
| LEADER |
00000nas a2200000 a 4500 |
| 001 |
ssj0000800350 |
| 003 |
WaSeSS |
| 005 |
20200512172242.0 |
| 006 |
m d |
| 007 |
cr n |
| 008 |
121212c20119999sz qr p s 0 0eng c |
| 010 |
|
|
|a 2013243055
|
| 016 |
7 |
|
|a 101598646
|2 DNLM
|
| 022 |
|
|
|a 2076-3425
|l 2076-3425
|
| 035 |
|
|
|a (WaSeSS)ssj0000800350
|
| 040 |
|
|
|a CNCGM
|b eng
|c CNCGM
|d NLM
|d OCLCO
|d STF
|d OCLCO
|d CUS
|d OCLCF
|d CUS
|d OCLCQ
|d OCLCO
|d OCLCQ
|d OCL
|d AU@
|d CASUM
|d OCLCO
|d OCLCA
|d UAB
|d OCLCQ
|d WaSeSS
|
| 042 |
|
|
|a pcc
|
| 050 |
1 |
4 |
|a QP376
|
| 060 |
1 |
0 |
|a W1
|
| 130 |
0 |
|
|a Brain Sciences (Online)
|
| 210 |
1 |
0 |
|a Brain Sci
|2 dnlm
|
| 245 |
1 |
0 |
|a Brain sciences
|h [electronic resource].
|
| 260 |
|
|
|a Basel, Switzerland :
|b MDPI
|
| 310 |
|
|
|a Quarterly
|
| 362 |
1 |
|
|a Began in 2011.
|
| 506 |
|
|
|a License restrictions may limit access.
|
| 588 |
|
|
|a Description based on: 2011, 1; title from PDF caption (publisher's Web site, viewed Feb. 6, 2013).
|
| 588 |
|
|
|a Latest issue consulted: 2013, 3 (viewed Feb. 6, 2013).
|
| 650 |
|
0 |
|a Brain
|v Periodicals.
|
| 650 |
|
0 |
|a Brain
|x Diseases.
|
| 650 |
|
7 |
|a Brain
|x Diseases
|2 fast
|0 (OCoLC)fst00837607
|
| 650 |
|
7 |
|a Brain.
|2 fast
|0 (OCoLC)fst00837570
|
| 650 |
1 |
2 |
|a Brain.
|
| 650 |
1 |
2 |
|a Brain Diseases.
|
| 655 |
|
0 |
|a Electronic journals.
|
| 710 |
2 |
|
|a Molecular Diversity Preservation International.
|
| 856 |
4 |
0 |
|z Full text available from Research Library: 01/01/2011 to present
|u https://search.proquest.com/publication/2032423
|